000
00303nam a22001337a 4500
005
20230120102504.0
008
230120b |||||||| |||| 00| 0 eng d
040
_c
##$aRTC$cRTC
082
_a
823.4
100
_a
Aphra Behn
245
_a
Oroonoko
_c
Aphra Behn
260
_c
2003
942
_2
ddc
_c
CE TEXBOOK
999
_c
9231
_d
9232